000 01050nam a2200289Ia 4500
001 Para_9940
003 CHAP
008 220125sOctu xx 000 0 und d
010 _a208604
040 _cCHAP
090 _aPA CD - TESIS 25
100 _aGutiérrez González, Gustavo
_951711
245 _aControl Biorracional de la Cenicilla del rosal (Sphaerotheca pannosa (Wallr. Ex. Fr.) Lev. Var. rosae Wor.) en la Valenciana, Villa Guerrero, Estado de México /
_c Gustavo Gutiérrez González; Director Marcelo Acosta Ramos
260 _aChapingo, Méx. :
_b el autor
300 _a1 CD ROM (96 p.)
502 _aTesis (Ing. Agr. Esp. en Parasitología Agrícola
520 _a(M.C. en Protección Vegetal) UACh.
700 _aAcosta Ramos, Marcelo. Director
_9175056
710 _aUACh. Departamento Parasitología Agrícola
_9164025
901 _aPA CD - TESIS 25
902 _aM
905 _a513220Octubre, 2010 xmn 8100000000 06
910 _aOctu
942 _cPARA
942 _cPARA
_d2
999 _c208604
_d208604